MARC details
| 000 -LEADER |
| campo de control de longitud fija |
02000cam a2200373 a 4500 |
| 001 - NÚMERO DE CONTROL |
| campo de control |
10490650 |
| 005 - FECHA Y HORA DE LA ÚLTIMA TRANSACCIÓN |
| campo de control |
20220326193304.0 |
| 008 - DATOS DE LONGITUD FIJA--INFORMACIÓN GENERAL |
| campo de control de longitud fija |
130617s2013 enka cb 001 0deng d |
| 020 ## - NÚMERO INTERNACIONAL ESTÁNDAR DEL LIBRO |
| Número Internacional Estándar del Libro |
184976123X (pbk.) |
| 020 ## - NÚMERO INTERNACIONAL ESTÁNDAR DEL LIBRO |
| Número Internacional Estándar del Libro |
9781849761239 (pbk.) |
| 029 1# - OTRO NÚMERO DE CONTROL DE SISTEMA (OCLC) |
| Identificador de la biblioteca OCLC |
AU@ |
| Número de control de sistema |
000051788898 |
| 029 1# - OTRO NÚMERO DE CONTROL DE SISTEMA (OCLC) |
| Identificador de la biblioteca OCLC |
NZ1 |
| Número de control de sistema |
14922298 |
| 035 ## - NÚMERO DE CONTROL DEL SISTEMA |
| Número de control de sistema |
(OCoLC)ocn849051571 |
| 035 ## - NÚMERO DE CONTROL DEL SISTEMA |
| Número de control de sistema |
(OCoLC)849051571 |
| 035 ## - NÚMERO DE CONTROL DEL SISTEMA |
| Número de control de sistema |
(NNC)10490650 |
| 040 ## - FUENTE DE CATALOGACIÓN |
| Centro catalogador/agencia de origen |
CDX |
| Centro/agencia transcriptor |
CDX |
| Centro/agencia modificador |
BDX |
| -- |
LND |
| -- |
OCLCO |
| -- |
VVP |
| -- |
UKWOH |
| 082 04 - NÚMERO DE LA CLASIFICACIÓN DECIMAL DEWEY |
| Número de clasificación |
709.2 |
| Número de ítem |
G162e |
| 100 1# - ENTRADA PRINCIPAL--NOMBRE DE PERSONA |
| Nombre de persona |
Gallagher, Ellen, |
| Fechas asociadas al nombre |
1965- |
| 9 (RLIN) |
1649 |
| 245 10 - MENCIÓN DEL TÍTULO |
| Título |
Ellen Gallagher : |
| Resto del título |
AxME / |
| Mención de responsabilidad, etc. |
[with texts by] Carol Armstrong, Robin D.G. Kelley, Richard Shiff and Ulrich Wilmes. |
| 246 30 - FORMA VARIANTE DEL TITULO |
| Título propio/Titulo breve |
AxME |
| 260 ## - PUBLICACIÓN, DISTRIBUCIÓN, ETC. |
| Lugar de publicación, distribución, etc. |
London : |
| Nombre del editor, distribuidor, etc. |
Tate Publishing, |
| Fecha de publicación, distribución, etc. |
2013. |
| 300 ## - DESCRIPCIÓN FÍSICA |
| Extensión |
227 p. : |
| Otras características físicas |
ill. (chiefly col.) ; |
| Dimensiones |
27 cm. |
| 500 ## - NOTA GENERAL |
| Nota general |
Catalog of an exhibition held at Tate Modern, London, May 1-Sept. 1, 2013; at Sara Hildén Art Museum, Tampere, Sept. 27, 2013-Jan. 26, 2014 and at Haus der Kunst, Munich, Feb. 27-June 1, 2014. |
| 504 ## - NOTA DE BIBLIOGRAFÍA, ETC. |
| Nota de bibliografía, etc. |
Includes bibliographical references and index. |
| 505 00 - NOTA DE CONTENIDO CON FORMATO |
| Título |
Confounding myths / |
| Mención de responsabilidad |
Robin D.G. Kelley -- |
| Título |
Ellen Gallagher : mythopoetics and materials / |
| Mención de responsabilidad |
Carol Armstrong -- |
| Título |
Plates -- |
| -- |
Signs preserve us / |
| Mención de responsabilidad |
Richard Schiff -- |
| Título |
Readings pictures / |
| Mención de responsabilidad |
Ulrich Wilmes. |
| 520 8# - RESUMEN, ETC. |
| Sumario, etc. |
Born in 1965 in Providence, Rhode Island, Ellen Gallagher is one of the most acclaimed contemporary painters to have emerged from North America. Her paintings, collages, drawings, sculpture, animation and film installations, which shift between abstraction and figuration, create dynamic encounters between the historic and the present through commentary about race, racism, and cultural identity. |
| 600 10 - PUNTO DE ACCESO ADICIONAL DE MATERIA--NOMBRE DE PERSONA |
| Nombre de persona |
Gallagher, Ellen, |
| Fechas asociadas al nombre |
1965- |
| Subdivisión de forma |
Exhibitions. |
| 9 (RLIN) |
1650 |
| 650 #0 - PUNTO DE ACCESO ADICIONAL DE MATERIA--TÉRMINO DE MATERIA |
| Término de materia o nombre geográfico como elemento de entrada |
Art, American |
| Subdivisión cronológica |
21st century |
| Subdivisión de forma |
Exhibitions. |
| 9 (RLIN) |
1651 |
| 710 2# - ENTRADA AGREGADA--NOMBRE DE ENTIDAD CORPORATIVA |
| Nombre de entidad corporativa o nombre de jurisdicción como elemento de entrada |
Tate Modern (Gallery) |
| 9 (RLIN) |
1652 |
| 710 2# - ENTRADA AGREGADA--NOMBRE DE ENTIDAD CORPORATIVA |
| Nombre de entidad corporativa o nombre de jurisdicción como elemento de entrada |
Sara Hildénin taidemuseo. |
| 9 (RLIN) |
1653 |
| 710 2# - ENTRADA AGREGADA--NOMBRE DE ENTIDAD CORPORATIVA |
| Nombre de entidad corporativa o nombre de jurisdicción como elemento de entrada |
Haus der Kunst München. |
| 9 (RLIN) |
1654 |
| 948 1# - PROCESAMIENTO DE INFORMACIÓN LOCAL (OCLC); DESIGNADOR DE PARTE DE LA SERIE (RLIN) |
| Designador de la parte de la serie, SPT (RLIN) |
20130930 |
| b (OCLC) |
c |
| c (OCLC) |
rhg9 |
| d (OCLC) |
OSMC |